Memoria

Uloženo v:
Podrobná bibliografie
Médium: Neznámo
Vydáno: San José: Diseño Alternativo
Témata:
Tagy: Přidat tag
Žádné tagy, Buďte první, kdo vytvoří štítek k tomuto záznamu!

MARC

LEADER 00000 a2200000 04500
001 18941
003
008 991231s d
040 |a CRAI/IIS  |c CRAI/IIS 
090 |a 144814  
245 |a Memoria  
260 |a San José:   |b Diseño Alternativo  
300 |a 199 p.  
650 |a MUJERES  
650 |a FEMINISMO  
650 |a PARTICIPACION SOCIAL  
650 |a PARTICIPACION DE LA MUJER  
650 |a RELACIONES DE GENERO  
650 |a ORGANIZACIONES FEMENINAS  
650 |a MOVIMIENTOS SOCIALES  
999 |c 15502  |d 15502